书目信息 |
| 题名: |
中国政区地理
|
|
| 作者: | 刘君德 编著 | |
| 分册: | ||
| 出版信息: | 北京 科学出版社 1999.9 |
|
| 页数: | 298页 | |
| 开本: | 26cm | |
| 丛书名: | ||
| 单 册: | ||
| 中图分类: | K928.2 | |
| 科图分类: | ||
| 主题词: | 政区--中国 | |
| 电子资源: | ||
| ISBN: | 7-03-007383-5 | |
| 000 | 00545nam0 2200193 45 | |
| 001 | 0009261606 | |
| 005 | 20041221135956.9 | |
| 010 | @a7-03-007383-5@dCNY45.00 | |
| 100 | @a20000926d1999 km y0chiy0120 ea | |
| 101 | 0 | @achi |
| 105 | @a z 000yy | |
| 200 | 1 | @a中国政区地理@AZhong Guo Zheng Qu Di Li@f刘君德等编著@FLiu Jun De Deng Bian Zhu |
| 210 | @a北京@c科学出版社@d1999.9 | |
| 215 | @a298页@d26cm | |
| 606 | 0 | @a政区@x中国 |
| 690 | @aK928.2@v1 | |
| 701 | 0 | @a刘君德@4编著 |
| 801 | @aCN@bTSTC@c20000926 | |
| 905 | @b290973-975@dK928.2@e202@f3 | |
| 中国政区地理/刘君德等编著.-北京:科学出版社,1999.9 |
| 298页;26cm |
| ISBN 7-03-007383-5:CNY45.00 |
| ● |
| 相关链接 |
|
|
|
|
正题名:中国政区地理
索取号:K928.2/202
 
预约/预借
| 序号 | 登录号 | 条形码 | 馆藏地/架位号 | 状态 | 备注 |
| 1 | 0290973 | 002909730 | 第二借阅区/ [索取号:K928.2/202] | 在馆 | |
| 2 | 0290974 | 002909749 | 第二借阅区/ [索取号:K928.2/202] | 在馆 | |
| 3 | 0290975 | 002909758 | 第二样本阅览室/ [索取号:K928.2/202] | 在馆 | |
| 4 | 0296032 | 002960326 | 第二借阅区/ [索取号:K928.2/202] | 在馆 | |
| 5 | 0296033 | 002960335 | 密集书库/ [索取号:K928.2/202] | 在馆 | |
| 6 | 0296034 | 002960344 | 密集书库/ [索取号:K928.2/202] | 在馆 | |
| 7 | 0296035 | 002960353 | 密集书库/ [索取号:K928.2/202] | 在馆 | |
| 8 | 0296036 | 002960362 | 密集书库/ [索取号:K928.2/202] | 在馆 |